A.Z 80 Assembler HT - 1080 Z számítógépes példákkál

Saved in:
Bibliographic Details
Main Author: Sztrókay, Kálmán
Format: Book
Language:Hungarian
Published: Budapest Műszaki könyvkiadó 1985
Tags: Add Tag
No Tags, Be the first to tag this record!

MARC

LEADER 00000nam a2200000 4500
001 c104581
005 20260105121435.8
041 0 |a hun 
044 |a HU 
245 1 0 |a A.Z 80 Assembler  |b HT - 1080 Z számítógépes példákkál  |c Kálmán Sztrókay 
264 1 |a Budapest  |b Műszaki könyvkiadó  |c 1985 
300 |a 213 s. 
100 1 |a Sztrókay, Kálmán